000 01005nam0a22002531 4500
001 rc\1080733
005 20260407132407.0
035 _a(NLR Aleph) 006329128
090 _a7526385
_c7526385
100 _a20041126d1984 |||y0rusy50 ca
101 0 _arus
102 _aRU
105 _aa |||||||||
200 1 _aСовершенствование технологии и расчета железобетонных конструкций
_e(Сб. науч. тр.)
_fНИИ бетона и железобетона
_gПод ред. Б.А. Крылова, Н.Н. Коровина
210 _aМ.
_cНИИЖБ
_d1984
215 _a155 с.
_cил.
_d20
320 _aБиблиогр. в конце ст.
702 1 _aКрылов
_bБ.А.
_gБорис Александрович
_4340
712 0 2 _aНИИ бетона и железобетона
_cМосква
_3RU\NLR\AUTH\889993516
_9483522
801 0 _aRU
_bNLR
_gpsbo
801 1 _aRU
_bELAR
_2rusmarc
852 _aNLR
_j85-3/6706
942 _cBOOK
980 _aNB